Taqwīm al-siyāsāt al-ʻāmmah /

محفوظ في:

مؤلف مشترك: Jāmiʻat al-Qāhirah. Markaz al-Buḥūth wa-al-Dirāsāt al-Siyāsīyah.

مؤلفون آخرون: Rashīd, Aḥmad, Ghānim, ʻAbd al-Muṭṭalib.

التنسيق: كتاب

اللغة: Arabic

منشور في: [Cairo] : Jāmiʻat al-Qāhirah, Kullīyat al-Iqtiṣād wa-al-ʻUlūm al-Siyāsiyah, Markaz al-Buḥūth wa-al-Dirāsāt al-Siyāsīyah, 1989.

الطبعة: al-Ṭabʻah 1.

الموضوعات:

الوسوم: إضافة وسم

لا توجد وسوم, كن أول من يضع وسما على هذه التسجيلة!

رقم الطلب: H97 .T37 1989

LEADER 01537nam a2200301Ia 4500
003 OSt
005 20230725110738.0
008 130303s1989 ua a b 100 0 ara d
952 |0 0  |1 0  |2 lcc  |4 0  |6 H0097 T37 01989  |7 1  |9 49321  |a ARCE  |b ARCE  |d 2023-07-25  |l 0  |o H97 .T37 1989  |p 1027307  |r 2023-07-25 00:00:00  |w 2023-07-25  |y BK 
999 |c 29924  |d 29924 
040 |c ARCE Library 
043 |a f-ua--- 
050 4 |a H97 .T37 1989 
245 0 0 |6 880-02  |a Taqwīm al-siyāsāt al-ʻāmmah /   |c Ahṃad Rashīd ... [et al.] ; muhạrrir, al-Sayyid ʻAbd al-Mutṭạlib Ghānim. 
250 |a al-Ṭabʻah 1. 
264 1 |a [Cairo] :   |b Jāmiʻat al-Qāhirah, Kullīyat al-Iqtiṣād wa-al-ʻUlūm al-Siyāsiyah, Markaz al-Buḥūth wa-al-Dirāsāt al-Siyāsīyah,   |c 1989. 
300 |a 263 pages :  |b illustrations ;  |c 24 cm. 
500 |a Papers presented at al-nadwah al-rābiʻah, held 22-25 December 1988. 
504 |a Includes bibliographical references. 
555 |a Sara.lib 
650 0 |a Evaluation research (Social action programs)  |z Egypt  |v Congresses. 
650 0 |a Public administration  |z Egypt  |v Congresses. 
700 1 |a Rashīd, Aḥmad, 
700 1 |a Ghānim, ʻAbd al-Muṭṭalib. 
710 2 |a Jāmiʻat al-Qāhirah.  |b Markaz al-Buḥūth wa-al-Dirāsāt al-Siyāsīyah. 
880 1 0 |6 245-02/(3/r  |a تقويم السياسات العامة   |c أحمد رشيد و آخرون ؛ محرر السيد عبد المطلب غانم.‪‪‪‪‪‪‪‪‪‪‪‪‪‪‪‪‪‪‪‪‪‪‪‪‪‪ 
901 |a reviewed 
942 |c BK  |2 lcc